| 000 | 00539nam a2200169 i 4500 | ||
|---|---|---|---|
| 001 | 84397 | ||
| 003 | ES-MaACL | ||
| 005 | 20230906175017.0 | ||
| 007 | t| | ||
| 008 | 041122s1913 sp ||||1| spa d | ||
| 100 | 1 |
_aJiménez de la Flor García, Tiburcio. _966507 |
|
| 245 | 1 | 0 |
_aEstudio clínico de la neurastenia (astenia simple) y su tratamiento / _cTiburcio Jiménez de la Flor García. |
| 260 |
_aZamora : _b[s.n., _c1913] ( _fEst. Tip. de San José) |
||
| 300 | _a1 v. | ||
| 502 | _aTesis doctoral. | ||
| 852 |
_aES-MaACL _jT-1367-F-6 |
||
| 999 |
_c84397 _d84397 |
||